[Event "Amantea op-B 7th"]
[Site "Amantea"]
[Date "2009.09.03"]
[Round "4"]
[White "Mancino, Roberta"]
[Black "Zampaglione, Davide"]
[Result "0-1"]
[WhiteElo "1721"]
[BlackElo "1620"]
[PlyCount "94"]
[EventDate "2009.08.31"]
[EventType "swiss"]
[EventRounds "8"]
[EventCountry "ITA"]
[SourceTitle "CBM 132 Extra"]
[Source "ChessBase"]
[SourceDate "2009.11.03"]
[SourceVersion "1"]
[SourceVersionDate "2009.11.03"]
[SourceQuality "1"]

1. c4 c6 2. g3 d5 3. cxd5 cxd5 4. Bg2 e6 5. Nf3 Nf6 6. 0-0 Bd6 7. Nc3 0-0 8. b3 Nbd7 9. Bb2 b6 10. Rc1 Ba6 11. Nd4 Rc8 12. Ncb5 Bxb5 13. Rxc8 Qxc8 14. Nxb5 Bb8 15. Qa1 Qb7 16. Rc1 Rc8 17. Nc3 a6 18. d3 Qa7 19. Na4 Rxc1+ 20. Qxc1 Qc7 21. Nc3 d4 22. Nd1 Qxc1 23. Bxc1 Bd6 24. a3 a5 25. Bc6 Nc5 26. b4 axb4 27. a4 Nb3 28. Bb2 Na5 29. Bb5 Bc5 30. h3 Nd5 31. Kf1 Nc3 32. Ke1 Nxb5 33. axb5 Nb7 34. e3 e5 35. Ke2 Nd6 36. f4 f6 37. g4 Nxb5 38. exd4 exd4 39. Nf2 b3 40. Kd2 Ba3 41. Kc1 Bd6 42. f5 Nc3 43. Bxc3 dxc3 44. d4 b5 45. Nd3 Ba3+ 46. Kd1 b4 47. d5 b2 0-1

[Event "Calabria Region-ch"]
[Site "Amantea"]
[Date "2009.06.02"]
[Round "6"]
[White "Zampaglione, Davide"]
[Black "Violi, Vincenzo"]
[Result "1/2-1/2"]
[WhiteElo "1608"]
[BlackElo "1644"]
[PlyCount "107"]
[EventDate "2009.05.30"]
[EventType "swiss"]
[EventRounds "6"]
[EventCountry "ITA"]
[SourceTitle "EXT 2011"]
[Source "ChessBase"]
[SourceDate "2010.11.26"]
[SourceVersion "1"]
[SourceVersionDate "2010.11.26"]
[SourceQuality "1"]

1. e4 c5 2. Nf3 d6 3. Bc4 e6 4. Nc3 a6 5. a4 b6 6. 0-0 Bb7 7. d3 Be7 8. Re1 Nd7 9. Bf4 Ngf6 10. Qd2 0-0 11. h3 Qc7 12. Re2 Rac8 13. Rd1 Rfd8 14. Kh1 Nf8 15. Ree1 Ng6 16. Bh2 Qc6 17. Qe2 d5 18. exd5 exd5 19. Bb3 Re8 20. Qf1 Bd6 21. Bxd6 Qxd6 22. Rxe8+ Rxe8 23. Re1 Qc6 24. Rxe8+ Qxe8 25. Qe2 Qc6 26. Ne5 Nxe5 27. Qxe5 d4 28. Qb8+ Qc8 29. Qxc8+ Bxc8 30. Nd5 Nxd5 31. Bxd5 Bd7 32. b3 Be6 33. Bxe6 fxe6 34. Kh2 Kf7 35. Kg3 e5 36. Kf3 g6 37. Ke4 Ke6 38. h4 h6 39. f4 exf4 40. Kxf4 Kd5 41. g4 Ke6 42. h5 g5+ 43. Ke4 b5 44. axb5 axb5 45. Kf3 Kd5 46. Kg3 c4 47. bxc4+ bxc4 48. dxc4+ Kxc4 49. Kf3 Kc3 50. Ke4 Kc4 51. Ke5 Kc3 52. Ke4 Kc4 53. Ke5 Kc3 54. Ke4 1/2-1/2